| 000 | 00746nam a2200217 a 4500 | ||
|---|---|---|---|
| 999 |
_c11374 _d11374 |
||
| 001 | 11374 | ||
| 003 | BD-JhCC | ||
| 005 | 20220303134022.0 | ||
| 008 | 190905s2018 b |||| |||| 000 0 ben d | ||
| 020 | _a9789844290846 | ||
| 035 | _a(BD-JhCC)11374 | ||
| 040 |
_aBD-JhCC _dBD-JhCC |
||
| 041 | _aben | ||
| 082 |
_a796.3320973 _bKHA 2018 |
||
| 100 | _aখান, শামসুজ্জামান | ||
| 245 |
_aদুনিয়া মাতানো বিশ্বকাপ / _cশামসুজ্জামান খান |
||
| 260 |
_aঢাকা : _bবাংলা প্রকাশ, _c২০১৮. |
||
| 300 |
_a১৭৫ পৃ. : _bচিত্রাবলী, _c২৫ সেমি. |
||
| 650 | _aFootball | ||
| 942 |
_2ddc _cBK _06 |
||